PrintProgress časopis o polygrafii a súvisiacich odvetviach

Enregistré dans:
Détails bibliographiques
Format: Publication en série
Publié: Trnava VELDAN 2025
Tags: Ajouter un tag
Pas de tags, Soyez le premier à ajouter un tag!

MARC

LEADER 00000nas2a2200000 4500
001 0311500
005 20250708104537.9
022 |a 1339-3804 
245 1 0 |a PrintProgress  |b časopis o polygrafii a súvisiacich odvetviach 
264 1 |a Trnava  |b VELDAN  |c 2025 
773 0 |w eu_un_cat*0158425